Spoločensky zodpovedná firma a jej aktivity pre komunitu bakalárska práca

Enregistré dans:
Détails bibliographiques
Auteur principal: Paška, Jakub
Collectivité auteur: Obchodná fakulta EU. Katedra služieb a cestovného ruchu - zrušené
Autres auteurs: Šuterová, Viola, 1957-
Format: Livre
Langue:slovaque
Publié: Bratislava 2018
Tags: Ajouter un tag
Pas de tags, Soyez le premier à ajouter un tag!

MARC

LEADER 00000nbm a2200000 4500
001 0245120
005 20180906133745.8
041 0 |a slo 
044 |a SK 
245 1 0 |a Spoločensky zodpovedná firma a jej aktivity pre komunitu  |b bakalárska práca  |c Jakub Paška ; školiteľ: Viola Šuterová 
264 1 |a Bratislava  |c 2018 
300 |a 50 s. 
100 1 |a Paška, Jakub 
700 1 |a Šuterová, Viola, 1957- 
710 2 |a Obchodná fakulta EU. Katedra služieb a cestovného ruchu - zrušené